[Event "Oberfranken-ch M 0910"]
[Site "Schney"]
[Date "2010.01.06"]
[Round "7"]
[White "Boss, Igor"]
[Black "Urytskyy, Arkadiy"]
[Result "1/2-1/2"]
[WhiteElo "2128"]
[BlackElo "2172"]
[PlyCount "105"]
[EventDate "2010.01.03"]
[EventType "swiss"]
[EventRounds "7"]
[EventCountry "GER"]
[SourceTitle "EXT 2015"]
[Source "ChessBase"]
[SourceDate "2014.11.20"]
[SourceVersion "1"]
[SourceVersionDate "2014.11.20"]
[SourceQuality "1"]

1. d4 g6 2. e4 d6 3. Nc3 Bg7 4. Be3 Nf6 5. f3 0-0 6. Qd2 e5 7. 0-0-0 exd4 8. Bxd4 Nc6 9. Be3 Be6 10. Kb1 Qe7 11. Nd5 Bxd5 12. exd5 Ne5 13. Bg5 Rfe8 14. c3 Qd7 15. g4 Rab8 16. h4 b5 17. h5 b4 18. c4 Nexg4 19. Bh3 Qf5+ 20. Ka1 gxh5 21. Bxf6 Bxf6 22. fxg4 hxg4 23. Bf1 Qe4 24. Rh5 Qg6 25. Rh1 Bg5 26. Qg2 f5 27. Bd3 Re5 28. Ne2 a5 29. Nd4 a4 30. Nc6 Rbe8 31. Nxe5 dxe5 32. d6 cxd6 33. Qd5+ Kg7 34. Qb7+ Re7 35. Qxb4 e4 36. Be2 Bf4 37. c5 dxc5 38. Qxc5 Qf6 39. Qc8 a3 40. Qc2 Rb7 41. Bb5 Rxb5 42. Rd7+ Kg6 43. Rhxh7 Be5 44. Rdg7+ Qxg7 45. Rxg7+ Kxg7 46. Qc6 axb2+ 47. Kb1 Rb8 48. Qe6 Bf6 49. Qxf5 Re8 50. Qxg4+ Kf7 51. Qh5+ Kf8 52. Qf5 Kg7 53. Qg4+ 1/2-1/2

[Event "Oberfranken-ch M 0910"]
[Site "Schney"]
[Date "2010.01.03"]
[Round "2"]
[White "Boss, Igor"]
[Black "Kopp, Andre"]
[Result "0-1"]
[WhiteElo "2128"]
[BlackElo "2231"]
[PlyCount "96"]
[EventDate "2010.01.03"]
[EventType "swiss"]
[EventRounds "7"]
[EventCountry "GER"]
[SourceTitle "EXT 2015"]
[Source "ChessBase"]
[SourceDate "2014.11.20"]
[SourceVersion "1"]
[SourceVersionDate "2014.11.20"]
[SourceQuality "1"]

1. d4 Nf6 2. Bg5 d5 3. Bxf6 gxf6 4. c4 Nc6 5. e3 e5 6. dxe5 d4 7. exf6 Bb4+ 8. Nd2 dxe3 9. fxe3 Qxf6 10. a3 Bc5 11. Ngf3 Qxb2 12. Rb1 Qg7 13. Bd3 Rg8 14. Ne4 Bxa3 15. Qa4 Be7 16. g3 Qh6 17. Kf2 Bd7 18. Qa1 b6 19. c5 Rd8 20. cxb6 axb6 21. Rbc1 Qe6 22. Rhd1 f5 23. Bc4 Qh6 24. Nd6+ Bxd6 25. Bxg8 Ne5 26. Bd5 Ng4+ 27. Kg2 Nxe3+ 28. Kg1 Nxd5 29. Re1+ Kf7 30. Ne5+ Bxe5 31. Qxe5 Qd6 32. Qe2 Nf6 33. Red1 Qe7 34. Qxe7+ Kxe7 35. Rxc7 b5 36. Rb7 Re8 37. Rb6 Rc8 38. Ra1 Nd5 39. Rb7 Kd6 40. Kf2 Rc7 41. Rxc7 Kxc7 42. Rd1 Kd6 43. Kf3 b4 44. Rb1 Kc5 45. h3 Nc3 46. Rc1 Kd4 47. g4 fxg4+ 48. hxg4 b3 0-1

[Event "Karl Mala Memorial op 12th"]
[Site "Frankfurt"]
[Date "2009.07.19"]
[Round "6"]
[White "Gutman, Lev"]
[Black "Boss, Igor"]
[Result "1-0"]
[WhiteElo "2459"]
[BlackElo "2117"]
[PlyCount "99"]
[EventDate "2009.07.16"]
[EventType "swiss"]
[EventRounds "7"]
[EventCountry "GER"]
[SourceTitle "EXT 2010"]
[Source "ChessBase"]
[SourceDate "2010.11.25"]
[SourceVersion "1"]
[SourceVersionDate "2010.11.25"]
[SourceQuality "1"]

1. Nf3 d5 2. g3 Nd7 3. d4 Ngf6 4. Bg2 e6 5. 0-0 b6 6. c4 c6 7. Ne5 Nxe5 8. dxe5 Nd7 9. cxd5 cxd5 10. e4 Ba6 11. Re1 d4 12. Qa4 Qc8 13. Bf4 Bc5 14. b4 b5 15. Qb3 Bb6 16. Na3 Qb8 17. Rac1 0-0 18. Bf1 Bd8 19. Rc6 Qb7 20. Rec1 g5 21. Rxa6 Qxa6 22. Bxb5 Qb6 23. Bd2 Nxe5 24. Rc5 a6 25. Ba4 Qd6 26. f4 Nd7 27. Rc6 Qb8 28. Nc4 Nb6 29. Nxb6 Bxb6 30. fxg5 Qa7 31. Qd3 Rac8 32. Rd6 e5 33. Kg2 a5 34. bxa5 Bxa5 35. Ra6 Qxa6 36. Qxa6 Bxd2 37. Qf6 Bc3 38. h4 Rfd8 39. h5 Bb4 40. g6 hxg6 41. hxg6 fxg6 42. Qxg6+ Kf8 43. Qf6+ Kg8 44. Bb3+ Kh7 45. Be6 Rc2+ 46. Kh3 Ra8 47. Qf7+ Kh6 48. Bf5 Rc6 49. Qh7+ Kg5 50. Qg7+ 1-0

[Event "Pardubice op-A"]
[Site "Pardubice"]
[Date "2006.07.27"]
[Round "7"]
[White "Tereick, Benjamin"]
[Black "Boss, Igor"]
[Result "1-0"]
[WhiteElo "2262"]
[BlackElo "2115"]
[PlyCount "55"]
[EventDate "2006.07.21"]
[EventType "swiss"]
[EventRounds "9"]
[EventCountry "CZE"]
[SourceTitle "CBM 113 Extra"]
[Source "ChessBase"]
[SourceDate "2006.09.14"]
[SourceVersion "1"]
[SourceVersionDate "2006.09.14"]
[SourceQuality "1"]

1. c4 Nf6 2. Nc3 e6 3. e4 d5 4. e5 d4 5. exf6 dxc3 6. bxc3 Qxf6 7. d4 e5 8. Nf3 exd4 9. Bg5 Qe6+ 10. Be2 f6 11. Nxd4 Qf7 12. Bh6 Nd7 13. Bxg7 Bxg7 14. Bh5 Ne5 15. Bxf7+ Kxf7 16. 0-0 c5 17. Nf3 Re8 18. Qd5+ Be6 19. Qxb7+ Kg8 20. Nxe5 fxe5 21. Rfd1 e4 22. Qxe4 Bxc3 23. Rab1 Bd4 24. Rxd4 cxd4 25. Qxd4 Rad8 26. Qf4 Bf7 27. h3 Rc8 28. Rb7 1-0

[Event "Pardubice op-A"]
[Site "Pardubice"]
[Date "2006.07.25"]
[Round "5"]
[White "Mihailovs, Jurijs"]
[Black "Boss, Igor"]
[Result "1-0"]
[WhiteElo "2258"]
[BlackElo "2115"]
[PlyCount "81"]
[EventDate "2006.07.21"]
[EventType "swiss"]
[EventRounds "9"]
[EventCountry "CZE"]
[SourceTitle "CBM 113 Extra"]
[Source "ChessBase"]
[SourceDate "2006.09.14"]
[SourceVersion "1"]
[SourceVersionDate "2006.09.14"]
[SourceQuality "1"]

1. d4 g6 2. e4 c6 3. Bd3 d5 4. e5 h5 5. Ne2 Nh6 6. Nf4 Nf5 7. c3 Na6 8. e6 Bxe6 9. Nxe6 fxe6 10. g4 hxg4 11. Qxg4 Kd7 12. Nd2 Rh4 13. Qxg6 Rh6 14. Qg4 Rh4 15. Qg2 Bh6 16. Nf3 Bxc1 17. Rxc1 Qh8 18. Bxf5 exf5 19. Nxh4 Qxh4 20. Kd2 Nc7 21. Rce1 Qh6+ 22. Kc2 Rh8 23. h4 Ne6 24. Qg3 Nf4 25. Qg5 e6 26. Reg1 Kd6 27. Qxh6 Rxh6 28. Rg7 b6 29. Rxa7 c5 30. b4 cxd4 31. cxd4 Rh8 32. Kd2 Nh5 33. b5 e5 34. Rc1 exd4 35. Rc6+ Ke5 36. Rxb6 Kf4 37. Rf7 d3 38. Kxd3 Kg4 39. Rg6+ Kxh4 40. Rxf5 Ra8 41. Rh6 1-0

[Event "Pardubice op-A"]
[Site "Pardubice"]
[Date "2006.07.24"]
[Round "4"]
[White "Boss, Igor"]
[Black "Pel, Bonno"]
[Result "1/2-1/2"]
[WhiteElo "2115"]
[BlackElo "2301"]
[PlyCount "92"]
[EventDate "2006.07.21"]
[EventType "swiss"]
[EventRounds "9"]
[EventCountry "CZE"]
[SourceTitle "CBM 113 Extra"]
[Source "ChessBase"]
[SourceDate "2006.09.14"]
[SourceVersion "1"]
[SourceVersionDate "2006.09.14"]
[SourceQuality "1"]

1. d4 d6 2. c4 g6 3. Nc3 Bg7 4. e4 e5 5. dxe5 dxe5 6. Qxd8+ Kxd8 7. Be3 Be6 8. Nf3 f6 9. Nd2 Nd7 10. Nb3 b6 11. c5 Ne7 12. 0-0-0 Ke8 13. Nd5 Bxd5 14. exd5 Nf5 15. Bb5 Rd8 16. Bd2 a6 17. Bxa6 Nxc5 18. Bb5+ Nd7 19. f4 Kf7 20. g4 Nd6 21. Bc6 Ne4 22. Rhf1 Nxd2 23. Kxd2 exf4 24. Kc2 h5 25. d6 cxd6 26. gxh5 Rc8 27. Rxd6 Ne5 28. Nd4 Rxh5 29. Kb1 Nxc6 30. Nxc6 Bf8 31. Nd8+ Ke8 32. Nb7 Rxh2 33. Rxb6 Kf7 34. a4 g5 35. a5 Kg6 36. a6 Rhc2 37. Na5 Bc5 38. Rc6 Rxc6 39. Nxc6 Rf2 40. Rxf2 Bxf2 41. Kc2 g4 42. Kd3 Bb6 43. a7 Bxa7 44. Nxa7 f3 45. Ke3 f5 46. Nc6 Kf6 1/2-1/2

[Event "Pardubice op-A"]
[Site "Pardubice"]
[Date "2006.07.23"]
[Round "3"]
[White "Bajarani, Ilgar"]
[Black "Boss, Igor"]
[Result "1-0"]
[WhiteElo "2341"]
[BlackElo "2115"]
[PlyCount "69"]
[EventDate "2006.07.21"]
[EventType "swiss"]
[EventRounds "9"]
[EventCountry "CZE"]
[SourceTitle "CBM 113 Extra"]
[Source "ChessBase"]
[SourceDate "2006.09.14"]
[SourceVersion "1"]
[SourceVersionDate "2006.09.14"]
[SourceQuality "1"]

1. e4 c5 2. Nf3 e6 3. d4 cxd4 4. Nxd4 Nc6 5. Nc3 Qc7 6. g3 a6 7. Bg2 Bc5 8. Nb3 Ba7 9. Qg4 Kf8 10. Bf4 d6 11. Qe2 Nge7 12. 0-0 e5 13. Be3 b5 14. Bxa7 Nxa7 15. f4 Be6 16. Nd5 Bxd5 17. exd5 exf4 18. Rxf4 Ng6 19. Re4 Ne5 20. Rf1 Re8 21. Nd4 Kg8 22. Kh1 g6 23. Qd2 f5 24. Ree1 Nc8 25. Ne6 Qb7 26. Rxf5 gxf5 27. Rxe5 h6 28. Rxf5 Rh7 29. Qf4 Qe7 30. Rf6 Rg7 31. Qxh6 Nb6 32. Be4 Nd7 33. Rg6 Rxg6 34. Qxg6+ Kh8 35. Qh5+ 1-0

[Event "Niedersachsen-ch U18"]
[Site "Borkum"]
[Date "2004.04.08"]
[Round "8"]
[White "Jakobeit, David"]
[Black "Boss, Igor"]
[Result "1-0"]
[WhiteElo "1930"]
[BlackElo "1931"]
[PlyCount "67"]
[EventDate "2004.04.??"]
[EventType "swiss"]
[EventRounds "9"]
[EventCountry "GER"]
[SourceTitle "EXT 2005"]
[Source "ChessBase"]
[SourceDate "2004.11.15"]
[SourceVersion "1"]
[SourceVersionDate "2004.11.15"]
[SourceQuality "1"]

1. f4 d5 2. Nf3 Nf6 3. g3 g6 4. Bg2 Bg7 5. 0-0 0-0 6. d3 b6 7. e4 e6 8. Nc3 Bb7 9. e5 Nfd7 10. b3 a6 11. Ne2 c5 12. c3 Nc6 13. g4 Ne7 14. Ng3 Rc8 15. d4 f6 16. exf6 Bxf6 17. Qe2 Rc6 18. Bh3 Bg7 19. Ng5 Rf6 20. Nf3 Rf8 21. Ng5 Rf6 22. Nf3 Rf7 23. Be3 h6 24. Ne5 Nxe5 25. fxe5 cxd4 26. cxd4 a5 27. Qd2 Rxf1+ 28. Rxf1 Kh7 29. Rf7 Qe8 30. Qf2 Ba6 31. Qf6 Qg8 32. Bxh6 Nf5 33. gxf5 exf5 34. Rxg7+ 1-0

[Event "Niedersachsen-ch U18"]
[Site "Borkum"]
[Date "2004.04.07"]
[Round "7"]
[White "Boss, Igor"]
[Black "Haerig, Wilfried"]
[Result "1-0"]
[WhiteElo "1931"]
[BlackElo "1733"]
[PlyCount "95"]
[EventDate "2004.04.??"]
[EventType "swiss"]
[EventRounds "9"]
[EventCountry "GER"]
[SourceTitle "EXT 2005"]
[Source "ChessBase"]
[SourceDate "2004.11.15"]
[SourceVersion "1"]
[SourceVersionDate "2004.11.15"]
[SourceQuality "1"]

1. d4 f5 2. g3 Nf6 3. Bg2 g6 4. Nf3 Bg7 5. 0-0 0-0 6. c4 d6 7. b4 Qe8 8. Bb2 h6 9. Re1 Nbd7 10. Nbd2 e5 11. dxe5 dxe5 12. e4 f4 13. c5 g5 14. Nc4 fxg3 15. hxg3 Ng4 16. Nxg5 hxg5 17. Qxg4 Nxc5 18. Qxg5 Nd3 19. Red1 Nxb2 20. Nxb2 Qf7 21. Qe3 Bg4 22. Rd3 Kh7 23. f3 Be6 24. a3 Qg6 25. Kf2 Bh6 26. Rh1 Rg8 27. g4 Raf8 28. Ke2 b6 29. Qc1 Rg7 30. Rc3 Rf6 31. Rxc7 Bxg4 32. Rxh6+ Qxh6 33. Qxh6+ Kxh6 34. Rxg7 Bxf3+ 35. Bxf3 Kxg7 36. Bg4 Rg6 37. Bf3 Rh6 38. Ke3 Kf6 39. a4 Rh2 40. Be2 Rh1 41. Nd1 Kg5 42. a5 b5 43. Nc3 a6 44. Nd5 Rc1 45. Kd2 Rc6 46. Ke3 Rc1 47. Bd3 Kg4 48. Nf6+ 1-0

[Event "Nord West Cup 05th"]
[Site "Bad Zwischenahn"]
[Date "2003.??.??"]
[Round "6"]
[White "Boss, Igor"]
[Black "Segelken, Peter"]
[Result "1-0"]
[WhiteElo "1806"]
[BlackElo "2009"]
[PlyCount "57"]
[EventDate "2003.02.??"]
[EventType "swiss"]
[EventRounds "7"]
[EventCountry "GER"]
[SourceTitle "EXT 2004"]
[Source "ChessBase"]
[SourceDate "2003.11.25"]
[SourceVersion "1"]
[SourceVersionDate "2003.11.25"]
[SourceQuality "1"]

1. d4 d5 2. c4 e6 3. Nc3 Nf6 4. cxd5 exd5 5. Bg5 Be7 6. e3 0-0 7. Bd3 h6 8. Bh4 c6 9. Nge2 Nh7 10. Bg3 Ng5 11. Qc2 Nd7 12. 0-0-0 b5 13. f4 Ne6 14. f5 Nc7 15. Bxc7 Qxc7 16. Nxd5 Qd6 17. Nxe7+ Qxe7 18. Qxc6 Qxe3+ 19. Kb1 Nb6 20. Rhe1 Bd7 21. Qd6 Qg5 22. h4 Qg4 23. f6 g6 24. h5 Qxh5 25. Rh1 Qg5 26. Ng3 Rad8 27. Ne4 Qe3 28. Rhe1 Bg4 29. Qh2 1-0

[Event "DLM U20"]
[Site "Werfen"]
[Date "2002.07.30"]
[Round "4.5"]
[White "Siebarth, Raiko"]
[Black "Boss, Igor"]
[Result "0-1"]
[WhiteElo "2037"]
[BlackElo "1802"]
[PlyCount "80"]
[EventDate "2002.07.28"]
[EventType "team-swiss"]
[EventRounds "7"]
[EventCountry "GER"]
[SourceTitle "CBM 089 Extra"]
[Source "ChessBase"]
[SourceDate "2002.09.10"]
[SourceVersion "2"]
[SourceVersionDate "2002.09.10"]
[SourceQuality "1"]

1. d4 Nf6 2. c4 e6 3. Nf3 b6 4. Bg5 Bb7 5. Nc3 Bb4 6. e3 Bxc3+ 7. bxc3 d6 8. Bd3 Nbd7 9. Qc2 Qe7 10. e4 e5 11. 0-0 0-0 12. Nd2 c5 13. f4 cxd4 14. cxd4 exd4 15. e5 dxe5 16. Rae1 h6 17. Bh4 Rae8 18. fxe5 Nxe5 19. Bxf6 gxf6 20. Be4 Bc8 21. Bd5 f5 22. Qd1 Qg5 23. Kh1 Bd7 24. Rxe5 Rxe5 25. Nf3 Qe7 26. Nxe5 Qxe5 27. Qh5 Kg7 28. h3 Be6 29. Qf3 Bxd5 30. cxd5 Rd8 31. Qh5 Rxd5 32. g4 Qe2 33. Rxf5 Qe4+ 34. Kg1 Rxf5 35. gxf5 Qe3+ 36. Kf1 Qf4+ 37. Ke2 Kf6 38. h4 d3+ 39. Kd1 Qf1+ 40. Kd2 Qe2+ 0-1

[Event "Niedersachsen-ch U14"]
[Site "Meppen"]
[Date "2002.03.29"]
[Round "7"]
[White "Boss, Igor"]
[Black "Keuter, Sven"]
[Result "1/2-1/2"]
[WhiteElo "1819"]
[BlackElo "1290"]
[PlyCount "79"]
[EventDate "2002.03.??"]
[EventType "swiss"]
[EventRounds "7"]
[EventCountry "GER"]
[SourceTitle "EXT 2003"]
[Source "ChessBase"]
[SourceDate "2002.11.25"]
[SourceVersion "1"]
[SourceVersionDate "2002.11.25"]
[SourceQuality "1"]

1. d4 d5 2. c4 e6 3. Nc3 Nf6 4. cxd5 exd5 5. Bg5 c6 6. Qc2 Bd6 7. Nf3 Be6 8. e3 Nbd7 9. Bd3 Qc7 10. h3 h6 11. Bxf6 Nxf6 12. Rc1 a6 13. 0-0 g5 14. Bf5 Qd7 15. Bxe6 Qxe6 16. Rce1 Ne4 17. Nxe4 Qxe4 18. Qxe4+ dxe4 19. Nd2 Bb4 20. Rd1 Bxd2 21. Rxd2 0-0-0 22. Rc2 Rd5 23. f4 Rf5 24. Rcf2 Rf8 25. fxg5 Rxf2 26. Kxf2 hxg5 27. Rc1 Kd7 28. Rc5 f6 29. Ra5 Ke6 30. h4 gxh4 31. Rh5 Rd8 32. Rxh4 Kd5 33. Rh7 Rb8 34. Rg7 b6 35. Kg3 a5 36. Kf4 Rh8 37. Rg6 Rh1 38. Rxf6 Rf1+ 39. Kg5 Re1 40. Kf4 1/2-1/2

[Event "Niedersachsen-ch U14"]
[Site "Meppen"]
[Date "2002.03.26"]
[Round "4"]
[White "Boss, Igor"]
[Black "Bruemmer, Nils"]
[Result "1-0"]
[WhiteElo "1819"]
[BlackElo "1375"]
[PlyCount "47"]
[EventDate "2002.03.??"]
[EventType "swiss"]
[EventRounds "7"]
[EventCountry "GER"]
[SourceTitle "EXT 2003"]
[Source "ChessBase"]
[SourceDate "2002.11.25"]
[SourceVersion "1"]
[SourceVersionDate "2002.11.25"]
[SourceQuality "1"]

1. d4 Nf6 2. Bg5 c5 3. Bxf6 gxf6 4. d5 Qb6 5. Qc1 f5 6. c3 Bg7 7. Na3 Qh6 8. Qc2 d6 9. Nf3 0-0 10. e3 a6 11. Bd3 Qh5 12. Nc4 Ra7 13. Nb6 e6 14. Qb3 e5 15. Nxc8 Rxc8 16. Qb6 Ra8 17. Qxb7 Nc6 18. dxc6 Rab8 19. Qd7 e4 20. Be2 exf3 21. Bxf3 Qg6 22. c7 Bxc3+ 23. bxc3 Qf6 24. 0-0 1-0

[Event "Niedersachsen-ch U14"]
[Site "Meppen"]
[Date "2002.03.25"]
[Round "3"]
[White "Abel, Dennes"]
[Black "Boss, Igor"]
[Result "0-1"]
[WhiteElo "1723"]
[BlackElo "1819"]
[PlyCount "122"]
[EventDate "2002.03.??"]
[EventType "swiss"]
[EventRounds "7"]
[EventCountry "GER"]
[SourceTitle "EXT 2003"]
[Source "ChessBase"]
[SourceDate "2002.11.25"]
[SourceVersion "1"]
[SourceVersionDate "2002.11.25"]
[SourceQuality "1"]

1. d4 Nf6 2. c4 e6 3. Nf3 b6 4. g3 Bb7 5. Bg2 Bb4+ 6. Bd2 Be7 7. 0-0 0-0 8. Nc3 d5 9. cxd5 exd5 10. Rc1 Nbd7 11. Bg5 h6 12. Bxf6 Nxf6 13. Ne5 a6 14. a3 b5 15. b4 c6 16. Qb3 Qb6 17. e3 a5 18. Rc2 axb4 19. axb4 Bd6 20. Nd3 Ra6 21. Nb1 Bc8 22. Nc5 Bxc5 23. Rxc5 Bf5 24. Rfc1 Qb7 25. R5c3 Rfa8 26. f3 R8a7 27. Bf1 Ne8 28. Bd3 Bxd3 29. Rxd3 Nd6 30. Nd2 Nc4 31. Nb1 Qe7 32. Nc3 Ra3 33. Qc2 Qxb4 34. e4 dxe4 35. fxe4 Qe7 36. e5 Rd7 37. Re1 f6 38. e6 Rc7 39. Nd1 Ra8 40. Qg2 Rd8 41. Kf1 Rd6 42. Qe2 Rc8 43. Nc3 Rcd8 44. d5 Ne5 45. Rd4 cxd5 46. Nxb5 Rxe6 47. Rdd1 Qb7 48. Nd4 Ree8 49. Qd2 Qa6+ 50. Qe2 Qxe2+ 51. Rxe2 Kf7 52. Nb5 Nc4 53. Rxe8 Rxe8 54. Kf2 Rd8 55. Nc7 d4 56. Na6 Ne5 57. h3 d3 58. Nc5 d2 59. Nb3 Nc4 60. Ke2 f5 61. Rf1 Kf6 0-1

[Event "Niedersachsen-ch U14"]
[Site "Meppen"]
[Date "2002.03.24"]
[Round "2"]
[White "Boss, Igor"]
[Black "Venkata Ramani, Varun"]
[Result "1-0"]
[WhiteElo "1819"]
[BlackElo "1395"]
[PlyCount "99"]
[EventDate "2002.03.??"]
[EventType "swiss"]
[EventRounds "7"]
[EventCountry "GER"]
[SourceTitle "EXT 2003"]
[Source "ChessBase"]
[SourceDate "2002.11.25"]
[SourceVersion "1"]
[SourceVersionDate "2002.11.25"]
[SourceQuality "1"]

1. d4 d5 2. c4 e6 3. Nc3 Nf6 4. cxd5 exd5 5. Bg5 Be7 6. Qc2 0-0 7. e3 h6 8. Bh4 Re8 9. Bd3 c6 10. Nge2 Ne4 11. Bxe7 Qxe7 12. 0-0 Nd7 13. Rae1 Nf8 14. Nf4 Nxc3 15. Qxc3 Ne6 16. Ne2 Qg5 17. b4 Nf8 18. b5 Bd7 19. bxc6 bxc6 20. a4 h5 21. a5 h4 22. Nc1 Bh3 23. g3 Qf6 24. f4 Bxf1 25. Bxf1 hxg3 26. hxg3 g5 27. Re2 g4 28. Nd3 Ng6 29. Kf2 Rab8 30. Nc5 Qd6 31. a6 f5 32. Re1 Ne7 33. Bd3 Rf8 34. Nb7 Qh6 35. Rg1 Qh2+ 36. Rg2 Qh3 37. Qc5 Qh7 38. Qxa7 Ra8 39. Qc5 Qg6 40. Qxe7 Rf7 41. Qg5 Qxg5 42. fxg5 Rg7 43. Kf1 Rxg5 44. Rb2 Kf7 45. Nc5 Rgg8 46. Rb7+ Kf6 47. Nd7+ Kg5 48. Nb6 Rae8 49. a7 Rxe3 50. Rb8 1-0

[Event "Niedersachsen-ch U14"]
[Site "Meppen"]
[Date "2002.03.23"]
[Round "1"]
[White "Barrmeyer, Konstantin"]
[Black "Boss, Igor"]
[Result "1/2-1/2"]
[WhiteElo "1410"]
[BlackElo "1819"]
[PlyCount "104"]
[EventDate "2002.03.??"]
[EventType "swiss"]
[EventRounds "7"]
[EventCountry "GER"]
[SourceTitle "EXT 2003"]
[Source "ChessBase"]
[SourceDate "2002.11.25"]
[SourceVersion "1"]
[SourceVersionDate "2002.11.25"]
[SourceQuality "1"]

1. d4 Nf6 2. c4 e6 3. Nf3 b6 4. Bg5 h6 5. Bh4 Bb7 6. e3 Be7 7. Nc3 d6 8. Be2 0-0 9. 0-0 Nbd7 10. Qc2 d5 11. Rac1 Re8 12. cxd5 exd5 13. Bxf6 Nxf6 14. Bb5 c6 15. Ba4 Bd6 16. Nd2 a5 17. a3 b5 18. Bb3 Qb6 19. Rfe1 Re7 20. Ba2 Qa7 21. Qd3 Rae8 22. Bb1 Ba6 23. Qc2 Bb7 24. Qd3 Qb6 25. Na2 g6 26. Qc3 Kg7 27. Nb3 b4 28. axb4 axb4 29. Qd2 Ne4 30. Bxe4 dxe4 31. Qc2 Ra8 32. Ra1 Bc8 33. Nac1 Rxa1 34. Nxa1 f5 35. Nab3 Be6 36. Rd1 Bd5 37. Nd2 Qb5 38. b3 Ra7 39. Nc4 Bc7 40. Ne2 Kf6 41. Rb1 g5 42. g3 Bd8 43. Rb2 Be7 44. Ra2 Qb8 45. Nc1 Rxa2 46. Nxa2 Qb5 47. Nc1 Qa6 48. Ne5 Bd6 49. Nd7+ Ke7 50. Nc5 Qb5 51. Na4 Be6 52. g4 Kf6 1/2-1/2

[Event "GER North-ch U14"]
[Site "Langeoog"]
[Date "2001.10.02"]
[Round "5.2"]
[White "Bruedigam, Martin"]
[Black "Boss, Igor"]
[Result "0-1"]
[WhiteElo "1715"]
[BlackElo "1849"]
[PlyCount "84"]
[EventDate "2001.10.??"]
[EventType "swiss"]
[EventRounds "5"]
[EventCountry "GER"]
[SourceTitle "EXT 2003"]
[Source "ChessBase"]
[SourceDate "2002.11.25"]
[SourceVersion "1"]
[SourceVersionDate "2002.11.25"]
[SourceQuality "1"]

1. e4 c5 2. Nf3 e6 3. c3 Nf6 4. e5 Nd5 5. Be2 Nf4 6. 0-0 Nxe2+ 7. Qxe2 d5 8. d4 cxd4 9. cxd4 Be7 10. Be3 0-0 11. Nc3 Bd7 12. Rfc1 Bc6 13. Rab1 a5 14. Ne1 Nd7 15. Nd3 Qb6 16. Nc5 Nxc5 17. dxc5 Qb4 18. Qd1 Qh4 19. Qd4 Qh5 20. a3 a4 21. b4 axb3 22. Rxb3 Qg6 23. Ne2 Ra4 24. Qd3 Qxd3 25. Rxd3 Bb5 26. Rd2 Bxe2 27. Rxe2 d4 28. Bd2 Rxa3 29. Bb4 Rb3 30. Rc4 Bxc5 31. Rxc5 Rxb4 32. f3 h6 33. Rd2 Rd8 34. Kf2 Kh7 35. Ke2 Kg6 36. Kd3 Ra8 37. Ke4 d3+ 38. Kxd3 Rd8+ 39. Ke2 Rxd2+ 40. Kxd2 Rb2+ 41. Ke3 Rxg2 42. h4 Rb2 0-1

[Event "Niedersachsen-ch U14"]
[Site "Rotenburg"]
[Date "2001.04.07"]
[Round "1"]
[White "Boss, Igor"]
[Black "Flassig, Stefan"]
[Result "1/2-1/2"]
[WhiteElo "1494"]
[BlackElo "1121"]
[PlyCount "37"]
[EventDate "2001.04.??"]
[EventType "swiss"]
[EventRounds "7"]
[EventCountry "GER"]
[SourceTitle "EXT 2003"]
[Source "ChessBase"]
[SourceDate "2002.11.25"]
[SourceVersion "1"]
[SourceVersionDate "2002.11.25"]
[SourceQuality "1"]

1. d4 d5 2. Nf3 Nc6 3. e3 Nf6 4. b3 b6 5. Bb2 e6 6. Nbd2 Bb7 7. Be2 Be7 8. 0-0 0-0 9. h3 Na5 10. a3 c5 11. Rb1 Rc8 12. dxc5 bxc5 13. c3 c4 14. bxc4 dxc4 15. Qc1 Ne4 16. Rd1 Qc7 17. Qc2 Nxd2 18. Nxd2 Rfd8 19. Bf3 1/2-1/2

[Event "Niedersachsen-ch U14"]
[Site "Rotenburg"]
[Date "2001.04.??"]
[Round "5"]
[White "Boss, Igor"]
[Black "Nuesken, Nikolas"]
[Result "1/2-1/2"]
[WhiteElo "1494"]
[BlackElo "1716"]
[PlyCount "27"]
[EventDate "2001.04.??"]
[EventType "swiss"]
[EventRounds "7"]
[EventCountry "GER"]
[SourceTitle "EXT 2003"]
[Source "ChessBase"]
[SourceDate "2002.11.25"]
[SourceVersion "1"]
[SourceVersionDate "2002.11.25"]
[SourceQuality "1"]

1. d4 Nf6 2. Bg5 Ne4 3. Bf4 c5 4. f3 Qa5+ 5. c3 Nf6 6. d5 d6 7. Na3 Nbd7 8. e4 g6 9. Qc2 Bg7 10. Nh3 Rb8 11. Be2 b5 12. 0-0 0-0 13. Qd2 Rd8 14. Nc2 1/2-1/2